Normal view
MARC view
Entry Personal Name
001 - CONTROL NUMBER
- control field: 43702
003 - CONTROL NUMBER IDENTIFIER
- control field: OSt
005 - DATE AND TIME OF LATEST TRANSACTION
- control field: 20240228161253.0
008 - FIXED-LENGTH DATA ELEMENTS
- fixed length control field: 240228|| aca||aabn | a|a d
040 ## - CATALOGING SOURCE
- Original cataloging agency: OSt
- Transcribing agency: OSt
100 ## - HEADING--PERSONAL NAME
- Personal name: Mierlo, Trix van
670 ## - SOURCE DATA FOUND
- Source citation: Work cat.: (OSt)523624: Mierlo, Trix van , Attrition as a bottom-up pathway to subnational democratization
